Taxation, its incidence and effects.

Saved in:
Bibliographic Details
Main Author: Silverman, H. A. (Herbert Albert), 1896-
Format: Book
Language:English
Published: London : Macmillan, 1931.
Subjects:
LEADER 00882nam a2200241 a 4500
001 c000026087
003 CARM
005 19950117000000.0
008 840905s1931 enk 0 eng d
019 1 |a 9248719  |z 28507898  |z 58009450  |5 LACONCORD2021 
035 |a (OCoLC)1499566  |5 LACONCORD2021 
040 |a VLU  |b eng  |c VLU  |d ABN-SNR 
100 1 |a Silverman, H. A.  |q (Herbert Albert),  |d 1896- 
245 1 0 |a Taxation, its incidence and effects. 
260 |a London :  |b Macmillan,  |c 1931. 
300 |a 359 p. 
500 |a Bibliography: p.347-353. 
650 0 |a Taxation. 
650 0 |a Taxation  |z Great Britain. 
650 0 |a Tax incidence  |z Great Britain. 
852 8 |b CARM  |h A2:AF14A0  |i B01713  |p 0076547  |f BK 
999 f f |i 917b2d14-cfcc-5068-b75d-1d8fad87cef3  |s 78bc3ace-8312-55e0-bd48-d591c8001539 
952 f f |p Can circulate  |a CAVAL  |b CAVAL  |c CAVAL  |d CARM 1 Store  |e B01713  |f A2:AF14A0  |h Other scheme  |i book  |m 0076547